| 000 | 00619nam a22001937i 4500 | ||
|---|---|---|---|
| 001 | 3932 | ||
| 003 | OSt | ||
| 005 | 20170126082325.0 | ||
| 007 | tu | ||
| 008 | 161220s1998 xxu||||| |||| 00| 0 d | ||
| 024 | 7 |
_a3931 _2RID |
|
| 040 | _cOSt | ||
| 084 |
_a9.95 _2z |
||
| 100 | 1 | _aKenen, Peter B. | |
| 245 | 0 | 0 |
_aEMU and Transatlantic Economic Relations _b5th. Conference of the HWWA-Institute for Economic Research on Transatlantic Relations in a Global Economy, Hamburg, May 1998 |
| 260 |
_aHamburg : _bHWWA-Institut für Wirtschaftsforschung,Hamburg, _c1998. |
||
| 300 |
_a21 S. ; _c30cm. |
||
| 490 |
_aHWWA-Diskussionspapier _v60 |
||
| 942 | _cB | ||
| 999 |
_c3867 _d3867 |
||